000 00802nam a2200265 a 4500
001 000009651
005 20200929161646.0
008 901101s1985 sp 000 1 spa c
010 _a90211491
020 _a842331796x
040 _aDO-SdBNP
_cMH
_dBNPHU
041 1 _aspa
_hgag
100 1 _aConde, Alfredo,
_d1945-
_924527
240 1 0 _aXa vai o Griffon no vento.
_lSpanish
245 1 3 _aEl Griffon /
_cAlfredo Conde ; traduccion al castellano del autor.
260 _aBarcelona :
_bDestino,
_c1985.
300 _a308 p. ;
_c22 cm.
490 1 _aDestinolibro
_v293
500 _aTranslation of: Xa vai o Griffon no vento.
650 4 _aNovela española
_91123
650 4 _aLiteratura española
_9632
830 0 _aDestinolibro
_v293
_98086
910 _aCatalogación derivada
049 _aBNGR
999 _c9411
_d9411